000 00290nam a22001217a 4500
008 170815b xxu||||| |||| 00| 0 eng d
041 _aeng
080 _a51
100 _a36
101 _aMAT
245 _aALGEBRA WITH APPLICATIONS TO BUSINES ECONOMICS
_cDAUS.P.H
942 _2udc
_cBK
999 _c23508
_d23508